5HLuxD.jpg

KING HENRY VIII SENIOR AND PRIMARY SCHOOL LIBRARY OPAC

Nature Observation (Record no. 5812)

000 -LEADER
fixed length control field 00377nam a22001457a 4500
005 - DATE AND TIME OF LATEST TRANSACTION
control field 20251114153338.0
008 - FIXED-LENGTH DATA ELEMENTS--GENERAL INFORMATION
fixed length control field 251114b ||||| |||| 00| 0 eng d
040 ## - CATALOGING SOURCE
Transcribing agency KH8
082 ## - DEWEY DECIMAL CLASSIFICATION NUMBER
Classification number 495.76 KOR
100 ## - MAIN ENTRY--PERSONAL NAME
Personal name CHILDREN'S EDUCATION
Relator term AUTHOR
245 ## - TITLE STATEMENT
Title Nature Observation
260 ## - PUBLICATION, DISTRIBUTION, ETC.
Name of publisher, distributor, etc. Children's education
Date of publication, distribution, etc. 2002
300 ## - PHYSICAL DESCRIPTION
Extent 29 pages
Other physical details colour illustration
942 ## - ADDED ENTRY ELEMENTS (KOHA)
Source of classification or shelving scheme
Koha item type Books - Non Ficton
Holdings
Withdrawn status Lost status Source of classification or shelving scheme Damaged status Not for loan Collection code Permanent Location Current Location Shelving location Date acquired Full call number Barcode Date last seen Price effective from Koha item type Public note
          Non-Fiction KH8 Primary School Library KH8 Primary School Library Fiction 2025-11-14 495.76 KOR KHPL000007286 2025-11-14 2025-11-14 Books - Non Ficton PRIMARY LIBRARY

Powered By KH8 IT Dept